| 000 | 00699nam a2200253Ia 4500 | ||
|---|---|---|---|
| 003 | OSt | ||
| 005 | 20220928104013.0 | ||
| 006 | a|||||r|||| 00| 0 | ||
| 007 | ta | ||
| 008 | 220927b |||||||| |||| 00| 0 hin d | ||
| 020 | _c425 | ||
| 024 | _a129309 | ||
| 037 |
_b426, 08/03/2016, Kiran Book Service _cTextual |
||
| 040 |
_aSDCL _cSDCL _bhin |
||
| 041 |
_2hin _ahin |
||
| 082 | _aVv, L0 | ||
| 100 |
_aMarwick Arthur _9408112 |
||
| 245 | 0 | _aItihas ka swaroop | |
| 260 |
_aDelhi _bGranth Shilpi India Pvt. Ltd. _c2009 |
||
| 300 |
_a254p. _ccm. |
||
| 650 | _aHistory | ||
| 942 |
_hVv, L0 _cTEXL _2CC |
||
| 999 |
_c723605 _d723605 |
||